Library of the University of Algiers 3
Ibrahim Sultan Cheibout
شعار جامعة الجزائر 3
مكتبة جامعة الجزائر 3
إبراهيم سلطان شيبوط

ادارة السلوك التنظيمي / (رقم التسجيلة. 45756)

تفاصيل مارك
000 -LEADER
fixed length control field 00992nam a2200205Ia 4500
003 - CONTROL NUMBER IDENTIFIER
control field Ost
005 - DATE AND TIME OF LATEST TRANSACTION
control field 20260507075658.0
008 - FIXED-LENGTH DATA ELEMENTS--GENERAL INFORMATION
fixed length control field 260507s9999||||xx |||||||||||||| ||und||
040 ## - CATALOGING SOURCE
Transcribing agency fsecg
041 ## - LANGUAGE CODE
Language code of text/sound track or separate title ara
100 ## - MAIN ENTRY--PERSONAL NAME
Personal name العديلي، ناصر محمد
Relator term مؤلف
245 #0 - TITLE STATEMENT
Title ادارة السلوك التنظيمي /
Statement of responsibility, etc. ناصر محمد العديلي
260 ## - PUBLICATION, DISTRIBUTION, ETC.
Place of publication, distribution, etc. الرياض:
Name of publisher, distributor, etc. دار مرامر,
Date of publication, distribution, etc. 2001
300 ## - PHYSICAL DESCRIPTION
Extent 366 صفحة؛
Dimensions 24 سم
520 ## - SUMMARY, ETC.
Summary, etc. السلوك الأنساني ،الدوافع والحوافز والرضا الوظيفي ، ضغوط العمل ،المديرون وضغوط العمل ،القيادة الإدارية ،سلوك الجماعة إدارة النزاع في منظمات العمل ،بناء فريق العمل ،تقويم الأداء،إعداد وإتخاذ القرار ات ،التطوير التنظيمي .
653 ## - INDEX TERM--UNCONTROLLED
Uncontrolled term ادارة
653 ## - INDEX TERM--UNCONTROLLED
Uncontrolled term إدارة وتنظيم
653 ## - INDEX TERM--UNCONTROLLED
Uncontrolled term السلوك
942 ## - ADDED ENTRY ELEMENTS (KOHA)
Koha item type كتب
المقتنيات
Withdrawn status Lost status Source of classification or shelving scheme Damaged status Not for loan Home library Current library Date acquired Serial enumeration / chronology Inventory number Total checkouts Full call number Barcode Date last seen Price effective from Koha item type
    Library of Congress Classification   NOT LOAN / إعارة داخلية مكتبة كلية العلوم الإقتصادية والعلوم التجارية وعلوم التسيير مكتبة كلية العلوم الإقتصادية والعلوم التجارية وعلوم التسيير 07/05/2026 الطابق الأرضي 734/1   أ/734ن1 734/1 07/05/2026 07/05/2026 كتب

موارد الويب المفتوحة


© University of Algiers 3 All Rights Reserved
|
Implemented by LECHELAH Riad